000 00695cab a2200277 4500
001 ABS60556
008 090401t1999 xxu||||| |||| 00| 0 eng d
035 _a(Sirsi) u93219
041 _aeng
100 _aCunliffe, M.
245 _aPlanning gain - time for reform?
260 _c1999
350 _a0
490 _aProperty Forecast
_v2 (4) April 1999, 4 & 12(2)
650 _aCIRCULAR 1/97
650 _aFORMULAE
650 _aIMPACT FEES
650 _aMATERIAL CONSIDERATIONS
650 _aNOLAN COMMITTEE
650 _aPLANNING OBLIGATIONS
650 _aREFORMS
650 _aRIGHT OF APPEAL
690 _aPLANNING LAW AND PRACTICE
942 _n0
948 _c10/05/1999
999 _c59084
_d59084